Chinese Economy

Saved in:
Bibliographic Details
Format: Serial
Language:English
Published: Abingdon Taylor & Francis
Tags: Add Tag
No Tags, Be the first to tag this record!

MARC

LEADER 00000nas1a2200000 4500
001 0314234
005 20260120115720.4
022 |a 1097-1475 
022 |a 1558-0954 
041 0 |a eng 
044 |a GB 
245 1 0 |a Chinese Economy 
264 1 |a Abingdon  |b Taylor & Francis